Retratos de antaño / (Record no. 45624)

MARC details
000 -LEADER
campo de control de longitud fija 00939nam a2200229 i 4500
001 - NÚMERO DE CONTROL
campo de control 45624
003 - IDENTIFICADOR DE NÚMERO DE CONTROL
campo de control ES-MaACL
005 - FECHA Y HORA DE LA ÚLTIMA TRANSACCIÓN
campo de control 20251015193551.0
007 - CAMPO FIJO DE DESCRIPCIÓN FÍSICA--INFORMACIÓN GENERAL
campo de control de longitud fija t|
008 - DATOS DE LONGITUD FIJA--INFORMACIÓN GENERAL
campo de control de longitud fija 030326s1895 sp ||||1| spa d
100 1# - ENTRADA PRINCIPAL--NOMBRE DE PERSONA
Nombre de persona Coloma, Luis,
Fechas asociadas al nombre 1851-1915
9 (RLIN) 39805
245 10 - MENCIÓN DEL TÍTULO
Título Retratos de antaño /
Mención de responsabilidad, etc. por Luis Coloma ; publicalos la duquesa de Villahermosa, condesa viuda de Guaqui.
260 ## - PUBLICACIÓN, DISTRIBUCIÓN, ETC.
Lugar de publicación, distribución, etc. Madrid :
Nombre del editor, distribuidor, etc. [s.n.],
Fecha de publicación, distribución, etc. 1895 (
Fabricante Viuda e Hijos de M. Tello)
300 ## - DESCRIPCIÓN FÍSICA
Extensión 597 p., 5 lám., 28 facs. ;
Dimensiones 24 cm.
500 ## - NOTA GENERAL
Nota general Apéndice documental.
546 ## - NOTA DE IDIOMA
Nota de lengua/lenguaje Texto en español; apéndice en español y francés.
600 17 - PUNTO DE ACCESO ADICIONAL DE MATERIA--NOMBRE DE PERSONA
Nombre de persona Villahermosa, Juan Pablo de Aragón Azlor,
Títulos y otros términos asociados al nombre Duque de,
Fechas asociadas al nombre 1730-1790
Fuente del encabezamiento o término
9 (RLIN) 151996
600 17 - PUNTO DE ACCESO ADICIONAL DE MATERIA--NOMBRE DE PERSONA
Nombre de persona Villahermosa, María Manuela Pignatelli de Aragón y Gonzaga,
Títulos y otros términos asociados al nombre Duquesa de,
Fechas asociadas al nombre 1753-1816
Fuente del encabezamiento o término
9 (RLIN) 151997
651 #4 - PUNTO DE ACCESO ADICIONAL DE MATERIA--NOMBRE GEOGRÁFICO
Nombre geográfico España-
Subdivisión general Historia-
Subdivisión cronológica 1759-1788, Carlos III.
9 (RLIN) 8240
852 ## - LOCALIZACIÓN
Ubicación ES-MaACL
Número de control de estantería B-3479
Holdings
Estatus retirado Estado de pérdida Estado de daño No para préstamo Colección Biblioteca de origen Biblioteca actual Ubicación en estantería Fecha de adquisición Fuente de adquisición Total de préstamos Signatura topográfica completa Código de barras Visto por última vez Precio de reemplazo Tipo de ítem Koha
        Libros del s. XIX Biblioteca del Ateneo de Madrid Biblioteca del Ateneo de Madrid Sala Pardo Bazán 17/01/2008     B-3479 1048001 23/02/2023 23/02/2023 Libro impreso antiguo